000 00428nam a2200193Ia 4500
005 20240823034607.0
008 240823s9999||||xx |||||||||||||| ||und||
020 _a81-262-0596-2
041 _aMALAYALAM
082 _A894.8123 Q0
100 _aSuhra B M
245 0 _aSaininte Kalyanam
250 _a1st
260 _c2010
_bChintha Publi
500 _aYES
650 _aNovel
_bEnglish
942 _cBK
999 _c198641
_d198641